000 01780nam a22004577a 4500
001 000102300
003 CHAP
005 20220329143557.0
008 100618s2010 mx a r 00010 spa d
010 _a98763
011 _a99735
035 _a110421
040 _cCHAP
090 _aTesis
100 1 _aCiriaco Mariano, Felipe de Jesús.
_923389
245 1 0 _aEspecies de Helminthosporium que dañan cultivos en México /
_c/por Felipe de Jesús Ciriaco Mariano.
260 _aChapingo, Méx. :
_bEl autor,
_c2010.
300 _a39 h. :
_bcuadros, ilus., + base de datos en CD (4 3/4 plg.).
500 _aPara consultar la base de datos solicitar el cd con no. de bib. 110421
502 _aTesis (Ing. Agr. Esp. en Parasitología Agrícola) -- UACH. Departamento de Parasitología Agrícola
590 _aALEPH
_b10
_c20130110
_lUCH01
_h1535
590 _aBATCH-UPD
_b10
_c20130110
_lUCH01
_h1145
590 _aBATCH-UPD
_b10
_c20130410
_lUCH01
_h0731
590 _aBATCH-UPD
_b10
_c20130914
_lUCH01
_h0045
590 _aBATCH-UPD
_b10
_c20140324
_lUCH01
_h1518
590 _aBATCH-UPD
_b10
_c20141002
_lUCH01
_h0843
590 _aBATCH
_b00
_c20181121
_lUCH01
_h0759
590 _aCONVERSION
_b10
_c20130109
_lUCH01
_h1355
590 _aE12093SGE
_b10
_c20130718
_lUCH01
_h0937
650 1 4 _aAgricultura
_zMéxico.
_91932
650 1 4 _aCultivos
_xEnfermedades por hongos.
_930265
650 1 4 _aCultivos
_zMéxico.
_930363
650 1 4 _aHelminthosporium.
_953466
856 _3Finding aid
_uhttp://10.13.5.2/tesis/110421.pdf
_zTeclea aquí
856 _a1
_n0001623
901 _aBK
942 _cFOLL
942 _n0
949 _aTesis
_bBC
_cTES
_d33724002178769
_eTS1
_gDonaciØn
_h50852
_i110421
_sb
949 _aTesis
_bBC
_cTES
_d33724002178801
_eTS2
_fc.2
_gDonaciØn
_h50853
_i110421
_sb
999 _c98763
_d98763